Bilecik Bilecik Bilecik Bilecik Bilecik

Dış ticaret işlemleri ve muhasebe uygulamaları: yeni mevzuat-belge-uygulama/ (Record no. 48635)

MARC details
000 -BAŞLIK
Sabit Uzunluktaki Kontrol Alanı 01645nam a22004217a 4500
001 - KONTROL NUMARASI
Control Dosyası 0048796
003 - KONTROL NUMARASI KİMLİĞİ
Kontrol Alanı KOHA_MİRAKIL
005 - EN SON İŞLEM TARİHİ ve ZAMANI
Kontrol Alanı 20260207003628.0
007 - FİZİKSEL TANIM SABİT ALAN - GENEL BİLGİ
Sabit uzunluklu kontrol alanı ta
008 - SABİT UZUNLUKTAKİ VERİ ÖGELERİ - GENEL BİLGİ
Sabit Alan 150623b2010 tu |||gr||||#||||0|tur |
020 ## - ISBN - ULUSLARARASI STANDART KİTAP NUMARASI
Isbn 9758969714
020 ## - ISBN - ULUSLARARASI STANDART KİTAP NUMARASI
Isbn 9789758969715
040 ## - KATALOGLAMA KAYNAĞI
Özgün Kataloglama Kurumu TR-BiSEU
Kataloglama Dili tur
Çeviri Kurumu TR-BiSEU
Açıklama Kuralları rda
041 0# - DİL KODU
Metin ya da ses kaydının dil kodu tur
044 ## - YAYINLAYAN/ÜRETEN KURULUŞUN ÜLKE KODU
ISO country code tu
050 ## - SINIFLAMA ve YER NUMARASI
Sınıflama Numarası HF3756.5.Z7
Yer Numarası K39 2010
100 1# - KİŞİ ADI
Yazar Adı (Kişi adı) Kaya, Ferudun.
245 1# - ESER ADI BİLDİRİMİ
Başlık Dış ticaret işlemleri ve muhasebe uygulamaları: yeni mevzuat-belge-uygulama/
Sorumluluk Bildirimi Ferudun Kaya ; Ferudun Kaya.
250 ## - BASIM BİLDİRİMİ
Basım Bildirimi Güncellenmiş 4.baskı
264 #1 - ÜRERİM, YAYIN, DAĞITIM ve TELİF BİLDİRİMİ
Yayın yeri Ankara :
Yayınlayan Detay Yayıncılık
Yayın tarihi 2010
300 ## - FİZİKSEL TANIMLAMA
Sayfa, Cilt vb. xvi, 336 sayfa; 24 cm.
336 ## - İÇERİK TÜRÜ
Content type term metin
Content type code txt
Source rdacontent
337 ## - MEDYA TÜRÜ
Media type term aracısız
Media type code n
Source rdamedia
338 ## - TAŞIYICI TÜRÜ
Carrier type term cilt
Carrier type code nc
Source rdacarrier
490 1# - DİZİ BİLDİRİMİ
Dizi Bildirimi Detay yayınları ;
Cilt Numarası 165.
500 ## - GENEL NOT
Genel Not Kaynakça var.
500 ## - GENEL NOT
Genel Not İhracat ve ithalat ile ilgili uluslararası mevzuat--Dış ticaret işlemleri kambiyo mevzuatı--İhracat ve ithalat muhasebesi (genel muhasebe dersleri paralelinde)--Tekdüzen hesap planı--Dış ticarette kullanılan belgeler.
650 #0 - KONU BAŞLIĞI EK GİRİŞ - KONU TERİMİ
Konusal terim veya coğrafi ad Türkiye--Ticaret.
9 (RLIN) 8207
650 #0 - KONU BAŞLIĞI EK GİRİŞ - KONU TERİMİ
Konusal terim veya coğrafi ad Turkey--Commerce.
9 (RLIN) 4848
650 #0 - KONU BAŞLIĞI EK GİRİŞ - KONU TERİMİ
Konusal terim veya coğrafi ad Türkiye--Dış ekonomik ilişkiler.
9 (RLIN) 33342
650 #0 - KONU BAŞLIĞI EK GİRİŞ - KONU TERİMİ
Konusal terim veya coğrafi ad Turkey--Foreign economic relations.
9 (RLIN) 8657
650 #0 - KONU BAŞLIĞI EK GİRİŞ - KONU TERİMİ
Konusal terim veya coğrafi ad Dış ticaret promosyonu--Hukuk ve mevzuat--Türkiye.
9 (RLIN) 89472
650 #0 - KONU BAŞLIĞI EK GİRİŞ - KONU TERİMİ
Konusal terim veya coğrafi ad Foreign trade promotion--Law and legislation--Turkey.
9 (RLIN) 51510
650 #0 - KONU BAŞLIĞI EK GİRİŞ - KONU TERİMİ
Konusal terim veya coğrafi ad Uluslararası ticaret--Muhasebe.
9 (RLIN) 76519
650 #0 - KONU BAŞLIĞI EK GİRİŞ - KONU TERİMİ
Konusal terim veya coğrafi ad International trade--Accounting.
9 (RLIN) 89473
830 1# - SERİ EK GİRİŞİ - TEKBİÇİM ESER ADI
Tekbiçim Başlık Detay yayınları ;
Volume number/sequential designation 165.
9 (RLIN) 1998
942 ## - EK GİRİŞ ÖGELERİ (KOHA)
Source of classification or shelving scheme Library of Congress Classification
Koha item type Book
Holdings
Materyal Türü Kalıcı Konum Mevcut Konum Raf Yeri Sınıflandırma Kaynağı Edinim Bilgisi Ana Konular Alt Konular Yer Numarası Demirbaş Numarası Fatura Tarihi Geri Çekilme Durumu Kayıp Durumu Hasarlı Durumu Kredi için değil Kayıt Tarih Toplam Ödünçverme Son Görülme Tarihi Son Kontrol Tarihi Genel / Bağış Notu
Book Prof. Dr. Azmi Özcan Kütüphanesi Prof. Dr. Azmi Özcan Kütüphanesi Uluğbey Salonu Library of Congress Classification Bağış SOSYAL BİLİMLER Ticaret HF3756.5.Z7 K39 2010 0048796 02/02/2026         23/06/2015   05/12/2024 05/12/2024 Genel Bağış